| 000 | 01907cam a2200349 a 4500 | ||
|---|---|---|---|
| 001 | 13292692 | ||
| 003 | NUST | ||
| 005 | 20211203104436.0 | ||
| 008 | 030728s2004 mdu 001 0 eng | ||
| 010 | _a 2003017047 | ||
| 020 | _a0810847388 (pbk. : alk. paper) | ||
| 038 | _awaseem | ||
| 040 |
_aDLC _cDLC _dDLC |
||
| 043 | _an-us--- | ||
| 050 | 0 | 0 |
_aKF390.5.C6 _bG76 2004 |
| 082 | 0 | 0 |
_a343.7309944 _bGRO |
| 100 | 1 |
_aGrossman, Mark, _d1957- _985539 |
|
| 245 | 1 | 0 |
_aTechnology law : _bwhat every business (and business-minded person) needs to know / _cMark Grossman. |
| 260 |
_aLanham, Md : _bScarecrow Press, _c2004. |
||
| 300 |
_avi, 177 p. ; _c22 cm. |
||
| 500 | _aIncludes index. | ||
| 505 | 0 | _aThe law : technology, copyright, and intellectual property -- Venture capital and financiers : getting started correctly -- Contracts and contracting : laws, issues, and tips -- The Internet : E-commerce, legalities, and getting paid -- Websites : development and upkeep; laws, issues, and solutions -- Employees' rights, obligations, and pitfalls in litigation -- Piracy and crime : schemes and scams -- Privacy, policy, and encryption -- Negotiations : policies, procedures, and suggestions -- History, background, thoughts, and legal considerations. | |
| 563 | _aPBK. | ||
| 650 | 0 |
_aComputers _xLaw and legislation _zUnited States. _985540 |
|
| 650 | 0 |
_aInternet _xLaw and legislation _zUnited States. _985541 |
|
| 650 | 0 |
_aElectronic commerce _xLaw and legislation _zUnited States. _985542 |
|
| 650 | 0 |
_aTechnology and law _zUnited States. _985543 |
|
| 856 | 4 | 1 |
_3Table of contents _uhttp://www.loc.gov/catdir/toc/ecip047/2003017047.html |
| 906 |
_a7 _bcbc _corignew _d1 _eecip _f20 _gy-gencatlg |
||
| 942 |
_2ddc _cBK |
||
| 999 |
_c587006 _d587006 |
||